000 00935cab a2200253 4500
001 ABS44371
008 090401t1991 xxu||||| |||| 00| 0 eng d
035 _a(Sirsi) u46803
041 _aeng
100 _aHeptinstall, N.
245 _aLocal authorities and fire brigades start operations in hospitals
260 _c1991
350 _a0
490 _aArchitect and Surveyor
_v66(3) April 1991, 14-16 (3)
520 _aSets out the effects of the NHS and Community Care Act 1990 s60 , which removes crown immunity from health authorities and other health service bodies, with regard to fire certificates and safety .
650 _aFIRE PRECAUTIONS ACT 1971
650 _aFIRE PRECAUTIONS
650 _aFIRECODE
650 _aLOCAL GOVERNMENT AND HOUSING ACT 1989
650 _aTOWN AND COUNTRY PLANNING ACT 1971
690 _aBUILT ENVIRONMENT-BUILDING STANDARDS-FIRE REGULATIONS
942 _n0
948 _c04/03/1997
999 _c29561
_d29561